[Event "Titled Tue 17th Jun Early"]
[Site "chess.com INT"]
[Date "2025.06.17"]
[Round "5"]
[White "Tuguldur, Soninbayar"]
[Black "Bolashakov, Nurali"]
[Result "0-1"]
[WhiteTitle "CM"]
[BlackTitle "CM"]
[WhiteElo "2120"]
[BlackElo "2242"]
[WhiteFideId "4921224"]
[BlackFideId "13792105"]
[EventDate "2025.06.17"]

1. d4 Nf6 2. Bf4 d5 3. e3 Bf5 4. c4 e6 5. Nc3 c5 6. Qb3 Qd7 7. cxd5 exd5 8. Bxb8
c4 9. Qd1 Rxb8 10. Nf3 Bd6 11. Ne5 Qe7 12. f4 O-O 13. Be2 Bb4 14. O-O Bxc3 15.
bxc3 Ne4 16. Rc1 f6 17. Nf3 Rbe8 18. Re1 g5 19. fxg5 fxg5 20. Ne5 Bg6 21. Rf1
Rxf1+ 22. Bxf1 Rf8 23. Qa4 Qf6 24. Ng4 Qe6 25. h3 Be8 26. Qa5 b6 27. Qxa7 h5 28.
Ne5 Qf6 29. Qb7 Qf2+ 30. Kh2 Qg3+ 31. Kh1 Nf2+ 32. Kg1 Nxh3+ 33. Kh1 Nf2+ 34.
Kg1 Qxe3 35. Qxd5+ Bf7 36. Nxf7 Rxf7 37. Qd8+ Kg7 38. Rb1 Ne4+ 39. Kh2 Qf4+ 40.
Kg1 Qe3+ 41. Kh2 Qf4+ 42. Kg1 Ng3 43. Qd5 Qe3+ 44. Kh2 Nxf1+ 45. Kh1 Ng3+ 46.
Kh2 Qf4 47. Kg1 Qf2+ 48. Kh2 Nf1+ 49. Kh1 Ne3 50. Qe4 Ng4 51. Qd5 Qh4+ 52. Kg1
Qh2# 0-1

[Event "Titled Tue 17th Jun Early"]
[Site "chess.com INT"]
[Date "2025.06.17"]
[Round "5"]
[White "Uraev, Ivan"]
[Black "Verbovsky, Michal"]
[Result "1-0"]
[WhiteTitle "FM"]
[BlackTitle "CM"]
[WhiteElo "2194"]
[BlackElo "2172"]
[WhiteFideId "4192443"]
[BlackFideId "14934213"]
[EventDate "2025.06.17"]

1. e4 c5 2. Nc3 Nc6 3. g3 g6 4. Bg2 Bg7 5. d3 e6 6. Be3 b6 7. Nge2 Nge7 8. d4
cxd4 9. Nxd4 Bb7 10. O-O O-O 11. Ndb5 d5 12. exd5 exd5 13. Nxd5 Nxd5 14. Bxd5
Bxb2 15. c4 Bg7 16. Rb1 Na5 17. Qf3 Bxd5 18. cxd5 Nc4 19. Bf4 a6 20. Nc7 Nd2 21.
Bxd2 Qxc7 22. Rfc1 Qd8 23. a4 Re8 24. Be3 Rb8 25. Rc6 b5 26. Rxa6 b4 27. Rc6 b3
28. d6 b2 29. Qd5 Qd7 30. Qc4 Rec8 31. Rc7 Rxc7 32. dxc7 Rc8 33. Bb6 Qf5 34. Qf1
Bc3 35. Qd1 Kg7 36. Bd4+ Bxd4 37. Qxd4+ Qf6 38. Qxf6+ Kxf6 39. Rxb2 Rxc7 40. Ra2
Ra7 41. a5 Ra6 42. Kg2 h5 43. Kf3 Kf5 44. Ra4 f6 45. Ke3 g5 46. Kd4 Kg4 47. Kc5+
Kh3 48. Kb5 Ra8 49. f4 g4 50. a6 Kxh2 51. Ra3 Kh3 52. Kb6 h4 53. gxh4+ Kxh4 54.
Kb7 Rg8 55. a7 g3 56. a8=Q Rxa8 57. Kxa8 g2 58. Ra1 Kg3 59. f5 Kf2 60. Kb7 g1=Q
61. Rxg1 Kxg1 62. Kc6 Kg2 63. Kd6 Kg3 64. Ke6 Kg4 65. Kxf6 Kh5 66. Kg7 Kg5 67.
f6 1-0

[Event "Titled Tue 17th Jun Early"]
[Site "chess.com INT"]
[Date "2025.06.17"]
[Round "5"]
[White "Niemann, Hans Moke"]
[Black "Matinian, Nikita"]
[Result "1-0"]
[WhiteTitle "GM"]
[BlackTitle "GM"]
[WhiteElo "2736"]
[BlackElo "2421"]
[WhiteFideId "2093596"]
[BlackFideId "24129100"]
[EventDate "2025.06.17"]

1. e4 e5 2. Nf3 Nc6 3. Bc4 Nf6 4. d3 Be7 5. Nc3 O-O 6. a3 d6 7. Be3 Be6 8. Nd5
h6 9. O-O Qd7 10. h3 Bxd5 11. exd5 Nd8 12. Ba2 c6 13. c4 a5 14. d4 e4 15. Nd2
cxd5 16. cxd5 Re8 17. f3 exf3 18. Qxf3 b5 19. Rae1 b4 20. Bb1 bxa3 21. bxa3 Qb5
22. Bxh6 gxh6 23. Qg3+ Kf8 24. Qf4 Ng8 25. Nf3 Ra7 26. Qf5 Bf6 27. Bd3 Qb3 28.
Nd2 Qc3 29. Rxe8+ Kxe8 30. Ne4 Qxd4+ 31. Kh1 Kf8 32. Nxf6 Qxf6 33. Qxf6 Nxf6 34.
Rxf6 Nb7 35. Rxh6 Ke7 36. Rh8 Nc5 37. Bb5 a4 38. Rb8 f5 39. h4 Kf6 40. Kh2 Rh7
41. Kh3 Ne4 42. g3 Nf2+ 43. Kg2 Ne4 44. Bd3 Ke5 45. Rf8 Kd4 46. Bxe4 fxe4 47.
Re8 Kxd5 48. Kh3 Kd4 49. g4 d5 50. g5 e3 51. g6 Rg7 52. h5 Kd3 53. Kg4 e2 54.
Kg5 d4 55. h6 Rg8 56. Rxe2 Kxe2 57. h7 Rb8 58. g7 d3 59. g8=Q Rxg8+ 60. hxg8=Q
d2 61. Qe6+ Kd3 62. Qd7+ Kc3 63. Qxa4 1-0

[Event "Titled Tue 17th Jun Early"]
[Site "chess.com INT"]
[Date "2025.06.17"]
[Round "5"]
[White "Guliev, Gasan"]
[Black "Hobaica, Juan Pablo"]
[Result "0-1"]
[WhiteTitle "CM"]
[BlackTitle "IM"]
[WhiteElo "2123"]
[BlackElo "2386"]
[WhiteFideId "34165638"]
[BlackFideId "104159"]
[EventDate "2025.06.17"]

1. d4 e6 2. Nf3 f5 3. h3 b6 4. g4 Bb7 5. Nbd2 c5 6. e3 Nf6 7. Rg1 Qc7 8. a4 Nc6
9. Bb5 a6 10. Bc4 cxd4 11. exd4 fxg4 12. hxg4 Bd6 13. g5 Nd5 14. Ne4 Bf4 15.
Bxd5 exd5 16. Nc3 Ne7 17. Qd3 Bxc1 18. Rxc1 O-O 19. Rh1 g6 20. Ne5 Rae8 21. Qh3
h5 22. gxh6 d6 23. h7+ Kh8 24. Nd3 Nf5+ 25. Kf1 Qf7 26. Nf4 Nxd4 27. Nce2 Nxe2
28. Nxg6+ Qxg6 29. Qc3+ Qg7 30. Qxg7+ Kxg7 31. h8=Q+ Rxh8 32. Rxh8 Kxh8 33. Re1
d4 34. Rxe2 Bg2+ 35. Ke1 Rxe2+ 36. Kxe2 Be4 37. Kd2 Kg7 38. f3 Bxf3 39. Kd3 Bc6
40. b3 Kf6 41. Kxd4 Ke6 42. c3 Bf3 43. b4 Bd1 44. a5 b5 45. c4 Be2 46. c5 Bc4
47. cxd6 Kxd6 48. Ke4 Bd5+ 49. Kd4 Bc6 50. Ke3 Be8 51. Kd3 Bf7 52. Kd4 Bg6 53.
Ke3 Kd5 54. Kf4 Kc4 55. Ke5 Kxb4 56. Kd6 Kxa5 57. Kc5 Ka4 58. Kd4 Ka3 59. Kc3
b4+ 60. Kd2 b3 61. Kc1 Ka2 62. Kd2 b2 63. Ke3 b1=Q 64. Kd4 Qd3+ 65. Ke5 a5 66.
Kf6 a4 67. Kg5 a3 68. Kh6 Kb2 69. Kg7 Be4 70. Kf6 Qd5 71. Ke7 Bd3 72. Kf6 a2 73.
Ke7 a1=Q 74. Kf6 Qe1 75. Kg7 Qg5+ 76. Kh8 Qh1# 0-1

[Event "Titled Tue 17th Jun Early"]
[Site "chess.com INT"]
[Date "2025.06.17"]
[Round "5"]
[White "Sarkar, Justin"]
[Black "Corona Monraz, Ramiro"]
[Result "0-1"]
[WhiteTitle "IM"]
[WhiteElo "2284"]
[BlackElo "1969"]
[WhiteFideId "2010011"]
[BlackFideId "5107717"]
[EventDate "2025.06.17"]

1. d4 c6 2. Nf3 d6 3. c4 Nd7 4. Nc3 h6 5. e4 g5 6. Be3 Bg7 7. Be2 Ngf6 8. Nd2 e5
9. d5 c5 10. a3 Nf8 11. b4 b6 12. Qb3 Ng6 13. g3 Bh3 14. f3 g4 15. fxg4 Nxg4 16.
Bxg4 Bxg4 17. O-O O-O 18. a4 Bh3 19. Rf2 f5 20. exf5 Rxf5 21. Rxf5 Bxf5 22. a5
e4 23. axb6 axb6 24. Rxa8 Qxa8 25. bxc5 bxc5 26. Ncxe4 Qa1+ 27. Kg2 Qe5 28. Nf2
Qc3 29. Qxc3 Bxc3 30. Nde4 Bxe4+ 31. Nxe4 Be5 32. Kf3 Ne7 33. Bf4 Ng6 34. h4
Bxf4 35. gxf4 Nxh4+ 36. Kg4 Ng2 37. Nxd6 Kg7 38. Nf5+ Kg6 39. Kg3 Ne1 40. Nh4+
Kf6 41. Ng2 Nd3 42. Kf3 Nb4 43. Ne3 h5 44. Ke4 h4 45. Ng4+ Kg6 46. d6 Nc6 47.
Kd5 Nd8 48. Kxc5 Kf5 49. Kd5 Kxg4 50. c5 h3 51. c6 h2 52. c7 h1=Q+ 53. Ke5 Qa8
54. cxd8=Q Qxd8 55. Ke6 Qe8+ 56. Kf6 Qd7 57. Ke5 Qf5+ 58. Kd4 Qxf4+ 59. Kd5 Qd2+
60. Ke6 Qe3+ 61. Kf6 Qd4+ 62. Ke7 Qe4+ 63. Kf7 Qd5+ 64. Ke7 Qe5+ 65. Kd7 Kf5 66.
Kc6 Qc3+ 67. Kb7 Qb4+ 68. Kc7 Qc5+ 69. Kd7 Ke5 70. Ke7 Qxd6+ 71. Ke8 Qc7 72. Kf8
Kf6 0-1

[Event "Titled Tue 17th Jun Early"]
[Site "chess.com INT"]
[Date "2025.06.17"]
[Round "5"]
[White "Nurgaliyeva, Zarina"]
[Black "Malek, Jan"]
[Result "0-1"]
[WhiteTitle "WFM"]
[BlackTitle "GM"]
[WhiteElo "2252"]
[BlackElo "2505"]
[WhiteFideId "13730096"]
[BlackFideId "21864080"]
[EventDate "2025.06.17"]

1. e4 e6 2. d4 d5 3. e5 c5 4. c3 Bd7 5. Nf3 a6 6. Be2 cxd4 7. cxd4 Bb5 8. Bxb5+
axb5 9. O-O Nc6 10. Bg5 Qb6 11. Qe2 h6 12. Be3 Be7 13. a3 b4 14. a4 Qa6 15. Qxa6
Rxa6 16. Nbd2 Bd8 17. Nb3 Nge7 18. Rfc1 Nf5 19. Kf1 Bb6 20. Ke2 Kd7 21. Kd3 Rha8
22. Nc5+ Bxc5 23. Rxc5 Rxa4 24. Rxa4 Rxa4 25. Bd2 b6 26. Rc1 b3 27. Bc3 Nfe7 28.
Nd2 Nb4+ 29. Bxb4 Rxb4 30. Kc3 Nc6 31. Nxb3 Rc4+ 32. Kd3 Na5 33. Rc3 Rxc3+ 34.
Kxc3 Nc4 35. Nd2 Na5 36. Nb1 Kc6 37. Na3 h5 38. g3 g5 39. h4 gxh4 40. gxh4 Nb7
41. Nb1 Kd7 42. Nd2 Nd8 43. Nf1 Nc6 44. Ng3 Ne7 45. Nxh5 Nf5 46. Nf6+ Ke7 47. h5
Kf8 48. Kd3 Kg7 49. Nd7 b5 50. Nf6 Kh6 51. Kc3 Kg5 52. Kb4 Nxd4 53. Kc5 Nf3 54.
Kxb5 Nxe5 55. Ne8 Kxh5 56. Kc5 Nd3+ 57. Kd4 Nxb2 58. Nd6 Kg6 59. Kc3 Nd1+ 60.
Kd2 Nxf2 61. Ke3 Ne4 62. Nb5 e5 63. Nc7 Nf6 0-1

[Event "Titled Tue 17th Jun Early"]
[Site "chess.com INT"]
[Date "2025.06.17"]
[Round "5"]
[White "Demchenko, Yaroslav"]
[Black "Cardozo Munar, Carlos Eduardo"]
[Result "1/2-1/2"]
[WhiteTitle "CM"]
[BlackTitle "FM"]
[WhiteElo "2263"]
[BlackElo "2052"]
[WhiteFideId "14186667"]
[BlackFideId "4409477"]
[EventDate "2025.06.17"]

1. c4 e6 2. Nf3 d5 3. e3 Nd7 4. b3 Ngf6 5. Bb2 c5 6. d4 cxd4 7. exd4 Bb4+ 8.
Nbd2 O-O 9. Bd3 dxc4 10. bxc4 Re8 11. O-O g6 12. d5 exd5 13. cxd5 Bf8 14. Re1
Bg7 15. Rxe8+ Qxe8 16. Nc4 Nxd5 17. Bxg7 Kxg7 18. Bxg6 hxg6 19. Qxd5 Nf6 20. Qd2
Be6 21. Nce5 Qa4 22. h3 Rc8 23. Ng5 Bd5 24. a3 Rc2 25. Qe3 Ne4 26. Nxe4 Qxe4 27.
Qxe4 Bxe4 28. f3 Bf5 29. Rd1 Ra2 30. Nc4 b5 31. Nd6 Rxa3 32. Nxb5 Ra2 33. Rd6 a5
34. Ra6 a4 35. Ra7 Be6 36. Kh2 Bc4 37. Nd6 Bb3 38. Nb5 Bc4 39. Nd6 Bb3 40. Ne8+
Kf8 41. Nd6 Rc2 42. Nb5 Rc5 43. Nd4 Rc8 44. Nxb3 axb3 45. Rb7 Rc3 46. Kg3 Kg7
47. Kf4 Rc2 48. g4 b2 49. h4 Rh2 50. Kg3 Rc2 51. h5 gxh5 52. gxh5 Rd2 53. Kf4
Rc2 54. Ke3 Rh2 55. f4 Rh3+ 56. Ke4 Rxh5 57. Rxb2 Ra5 58. Kf3 Ra4 59. Kg4 Rc4
60. Rb6 Ra4 61. Kg5 Ra5+ 62. f5 Rc5 63. Ra6 Rb5 64. Rd6 Ra5 65. Kg4 Ra4+ 66. Kf3
Rb4 67. Ke3 Ra4 68. Rb6 Rc4 69. Kf3 Ra4 70. Kg3 Rc4 71. Kf2 Ra4 72. Ke3 Rc4 73.
Kf3 Ra4 74. Ke3 1/2-1/2

[Event "Titled Tue 17th Jun Early"]
[Site "chess.com INT"]
[Date "2025.06.17"]
[Round "5"]
[White "Azizoglu, Ferzan"]
[Black "Rosh, Jain"]
[Result "1/2-1/2"]
[BlackTitle "FM"]
[WhiteElo "2055"]
[BlackElo "2299"]
[WhiteFideId "6302726"]
[BlackFideId "25789465"]
[EventDate "2025.06.17"]

1. e4 c5 2. Nf3 Nc6 3. c3 Nf6 4. e5 Nd5 5. g3 d6 6. exd6 e6 7. Bg2 Bxd6 8. O-O
O-O 9. d4 cxd4 10. Nxd4 Nxd4 11. Qxd4 Nf6 12. Rd1 Be7 13. Qxd8 Rxd8 14. Rxd8+
Bxd8 15. Na3 Nd5 16. Nc4 Be7 17. a4 Bd7 18. Ne5 Bc6 19. a5 a6 20. Nxc6 bxc6 21.
Bf1 e5 22. Bd2 Bc5 23. Bc4 Nc7 24. b4 Ba7 25. Kf1 Nb5 26. Bxb5 cxb5 27. Be3 Bxe3
28. fxe3 Rd8 29. Ke2 f5 30. Rd1 Rc8 31. Kd3 Kf7 32. Kc2 Ke6 33. Kb3 g5 34. Rd2
h5 35. Rd3 h4 36. Rd2 hxg3 37. hxg3 Rh8 38. c4 bxc4+ 39. Kxc4 Rc8+ 40. Kb3 e4
41. b5 axb5 42. Kb4 Ke5 43. a6 f4 44. gxf4+ gxf4 45. exf4+ Kxf4 46. Rd7 Re8 47.
Rf7+ Kg3 48. a7 e3 49. Re7 Rxe7 50. a8=Q e2 51. Qg8+ Kh2 52. Qh8+ Kg2 53. Qg8+
Kh3 54. Qh8+ Kg2 55. Qg8+ Kh1 56. Qh8+ Kg1 57. Qg8+ Kh2 58. Qh8+ Kg3 59. Qg8+
Kh4 60. Qh8+ Kg5 61. Qg8+ Kf6 62. Qf8+ Ke6 63. Qh6+ Kd7 64. Qd2+ Ke8 65. Qe1 Re5
66. Kc3 Kd7 67. Kd4 Ke6 68. Kd3 b4 69. Kc4 Re4+ 70. Kb3 Ke5 71. Kc2 Re3 72. Kd2
Re4 73. Qg3+ Kd4 74. Qe1 b3 75. Kc1 Re3 76. Kb2 Ke4 77. Qh1+ Kd3 78. Qe1 Rf3 79.
Qc3+ Ke4 80. Qe1 Ke3 81. Qc3+ Kf2 82. Qd4+ Kf1 83. Qg4 Kf2 84. Qh4+ Rg3 85. Qh2+
Rg2 86. Qf4+ Kg1 87. Qe3+ Rf2 88. Qg3+ Kf1 89. Qh3+ Ke1 90. Qc3+ Kf1 91. Qh3+
Kg1 92. Qg3+ Rg2 93. Qe1+ Kh2 94. Qh4+ Kg1 95. Qe1+ Kh2 96. Qh4+ Kg1 97. Qe1+ 1/2-1/2

[Event "Titled Tue 17th Jun Early"]
[Site "chess.com INT"]
[Date "2025.06.17"]
[Round "5"]
[White "Logozar, Elijah"]
[Black "Piesik, Piotr"]
[Result "0-1"]
[BlackTitle "IM"]
[WhiteElo "1928"]
[BlackElo "2436"]
[WhiteFideId "30963788"]
[BlackFideId "1136194"]
[EventDate "2025.06.17"]

1. e4 g6 2. d4 Bg7 3. Nc3 d5 4. exd5 Nf6 5. Bc4 c6 6. dxc6 Nxc6 7. d5 Ne5 8.
Bb5+ Bd7 9. Bxd7+ Nexd7 10. d6 O-O 11. dxe7 Re8 12. Nge2 Rxe7 13. O-O Qb6 14.
Be3 Qxb2 15. Rb1 Qa3 16. Rxb7 Qa6 17. Rb3 Nb6 18. Nf4 Rd7 19. Qf3 Rc8 20. h3 Nc4
21. Bc1 Nd2 22. Bxd2 Rxd2 23. Rc1 Qa5 24. Qe3 Rd7 25. Rcb1 h6 26. Rb8 Rxb8 27.
Rxb8+ Kh7 28. Rb3 Rc7 29. Nfe2 Nd7 30. a4 Qa6 31. Qf4 Qc4 32. Qxc4 Rxc4 33. Rb7
Nc5 34. Rxf7 Kg8 35. Rf3 Nxa4 36. Nxa4 Rxa4 37. Kf1 a5 38. Ke1 Rb4 39. Ra3 a4
40. c3 Rc4 41. Kd2 Bf8 42. Ra2 a3 43. Kd3 Rc8 44. c4 Rd8+ 45. Kc3 Kf7 46. Nc1
Bg7+ 47. Kb3 Bb2 48. Ne2 Kf6 49. Nc3 Rd3 50. Kb4 Rxc3 51. c5 Ke5 52. Kb5 Kd5 53.
c6 Rxc6 54. Kb4 Kd4 55. Kb3 Rb6+ 56. Ka4 Kc4 57. Ka5 Kc5 58. Ka4 g5 59. g3 Rb4+
60. Ka5 Rb8 61. Ka4 h5 62. h4 g4 63. f4 gxf3 64. g4 f2 65. gxh5 f1=N 66. h6 Ne3
67. h7 Nd5 68. h8=Q Rxh8 69. Kb3 Nb4 70. Rxb2 axb2 71. Kxb2 Rxh4 72. Kb3 Rh3+
73. Ka4 Rg3 74. Ka5 Ra3# 0-1

[Event "Titled Tue 17th Jun Early"]
[Site "chess.com INT"]
[Date "2025.06.17"]
[Round "5"]
[White "Teterev, Vitaly"]
[Black "Salimova, Asal"]
[Result "1-0"]
[WhiteTitle "GM"]
[BlackTitle "WCM"]
[WhiteElo "2248"]
[BlackElo "2063"]
[WhiteFideId "13501429"]
[BlackFideId "14204940"]
[EventDate "2025.06.17"]

1. e4 c5 2. Nf3 d6 3. Bc4 e6 4. O-O Nf6 5. Re1 Be7 6. c3 O-O 7. Bf1 e5 8. d4 Bg4
9. dxe5 Bxf3 10. Qxf3 dxe5 11. Na3 Qc7 12. Bg5 Nbd7 13. Rad1 h6 14. Bc1 a6 15.
Nc4 b5 16. Ne3 Nb6 17. Nf5 Rfd8 18. Bxh6 Ne8 19. Be3 Bf6 20. g3 Na4 21. Bc1 c4
22. Rd5 Rxd5 23. exd5 Nc5 24. d6 Qb7 25. Qxb7 Nxb7 26. Bg2 Rb8 27. d7 Nc7 28.
Rd1 Nc5 29. Be3 Nd3 30. b3 Rd8 31. bxc4 Rxd7 32. cxb5 Nxb5 33. Be4 Nc5 34. Rxd7
Nxd7 35. c4 Nd6 36. Nxd6 Be7 37. c5 g6 38. c6 Bxd6 39. cxd7 Be7 40. Bb6 Kg7 41.
d8=Q Bxd8 42. Bxd8 f5 43. Bb7 Kf7 44. Ba5 Ke6 45. Bxa6 Kd7 46. Be2 Kc6 47. Bc3
Kd5 48. a4 Ke4 49. a5 f4 50. f3+ Kf5 51. g4+ Kg5 52. a6 e4 53. fxe4 f3 54. Bxf3
Kf4 55. Kf2 g5 56. Bd2+ Ke5 57. a7 Kd4 58. a8=Q Kd3 59. Qd5+ Kc2 60. Bxg5 Kc3
61. Bf6+ Kb4 62. e5 Ka4 63. e6 Ka3 64. e7 Kb4 65. Qd4+ Ka5 66. Qe3 Ka6 67. g5
Kb5 68. g6 Ka5 69. g7 Kb5 70. h4 Ka5 71. h5 Ka6 72. h6 Ka5 73. h7 Ka6 74. h8=Q
Ka5 75. Qa8+ Kb5 76. Qb7+ Ka4 77. Qeb3+ Ka5 78. Q3b4# 1-0

[Event "Titled Tue 17th Jun Early"]
[Site "chess.com INT"]
[Date "2025.06.17"]
[Round "5"]
[White "Cuenca Jimenez, Jose Fernando"]
[Black "Pranav, V"]
[Result "0-1"]
[WhiteTitle "GM"]
[BlackTitle "GM"]
[WhiteElo "2487"]
[BlackElo "2595"]
[WhiteFideId "2255570"]
[BlackFideId "25060783"]
[EventDate "2025.06.17"]

1. d4 Nf6 2. Bf4 e6 3. e3 b6 4. Qf3 Nc6 5. Nc3 Bb7 6. O-O-O Bb4 7. Nge2 O-O 8.
e4 d5 9. e5 Nd7 10. Qg3 f6 11. exf6 Qxf6 12. Bxc7 Rac8 13. f3 Bxc3 14. Nxc3 Nxd4
15. Bd3 e5 16. Qh3 Rxc7 17. Qxh7+ Kf7 18. Rhe1 Qh6+ 19. Qxh6 gxh6 20. f4 e4 21.
Bxe4 dxe4 22. Rxd4 Nf6 23. h3 h5 24. g4 hxg4 25. hxg4 Nxg4 26. Nxe4 Bxe4 27.
Rdxe4 Nf6 28. Rd4 Rh8 29. Rd2 Rh4 30. Rf1 Ne4 31. Rg2 Nf6 32. b3 Nd5 33. Rgf2
Kf6 34. Kb2 Kf5 35. Rd1 Ne3 36. Rd3 Rxf4 37. Rxf4+ Kxf4 38. c4 Ke4 39. Rd8 Nf5
40. Kc3 Ke5 41. Kb4 Nd6 42. a4 Ke6 43. a5 bxa5+ 44. Ka4 Nb7 45. Rh8 Nc5+ 46. Ka3
Rb7 47. Rh3 Kd6 48. Rg3 Rb4 49. Rg6+ Kc7 50. Rg3 Rb6 51. Rg7+ Kb8 52. Rg8+ Kb7
53. Rg7+ Ka6 54. Rg3 Ne4 55. Re3 Nc5 56. Rh3 Rc6 57. Rg3 Kb6 58. Re3 Re6 59. Rh3
Na6 60. Rg3 Nb4 61. Rh3 Re2 62. Rh6+ Nc6 63. Rh3 a6 64. Rh5 Nb4 65. Rh6+ Kc7 66.
Rh5 Ra2# 0-1

[Event "Titled Tue 17th Jun Early"]
[Site "chess.com INT"]
[Date "2025.06.17"]
[Round "5"]
[White "Mateus, Martha"]
[Black "Shafer, Logan C"]
[Result "1/2-1/2"]
[WhiteTitle "WIM"]
[BlackTitle "CM"]
[WhiteElo "1972"]
[BlackElo "2217"]
[WhiteFideId "4401549"]
[BlackFideId "30993342"]
[EventDate "2025.06.17"]

1. d4 Nf6 2. c4 e6 3. Nc3 Bb4 4. f3 c5 5. d5 b5 6. e4 O-O 7. e5 Ne8 8. f4 exd5
9. cxd5 d6 10. Nf3 Bg4 11. Be2 a6 12. O-O c4 13. Be3 Nd7 14. Bd4 Bc5 15. h3 Bxf3
16. Bxf3 Qb6 17. Bxc5 Qxc5+ 18. Kh1 dxe5 19. Bg4 f5 20. Be2 e4 21. Qc2 Nd6 22.
Rad1 Nf6 23. a3 Rac8 24. Qd2 a5 25. Qd4 Qxd4 26. Rxd4 b4 27. axb4 axb4 28. Na4
Rc7 29. Rc1 Ra8 30. b3 Rb7 31. Bxc4 Nxc4 32. Rcxc4 e3 33. d6 Re8 34. Rc1 Nd7 35.
Re1 Ra7 36. Re2 Ra6 37. g4 fxg4 38. hxg4 Rc6 39. f5 Kf7 40. Kg2 Nf6 41. Kf3 Rd8
42. g5 Nd7 43. Rxe3 g6 44. Re7+ Kg8 45. fxg6 hxg6 46. Re6 Nf8 47. Rf6 Kg7 48.
Kg4 Nd7 49. Re6 Rf8 50. Re7+ Rf7 51. Rxf7+ Kxf7 52. Kf4 Ke6 53. Ke4 Ne5 54. Rd5
Nf7 55. Rd4 Nxd6+ 56. Kd3 Nf7 57. Re4+ Kf5 58. Rc4 Rd6+ 59. Kc2 Nxg5 60. Rxb4
Ne4 61. Nc3 Rc6 62. Rc4 Rxc4 63. bxc4 Nxc3 64. Kxc3 Ke4 65. Kd2 Kd4 66. Ke2 Kxc4
67. Kf3 Kd5 68. Kg4 Ke6 69. Kg5 Kf7 70. Kg4 Kf6 71. Kf4 Kg7 72. Kg5 Kh7 73. Kg4
Kh6 74. Kh4 g5+ 75. Kg4 Kg6 76. Kg3 Kh5 77. Kh3 g4+ 78. Kg3 Kg5 79. Kg2 Kf5 80.
Kg3 Kg5 81. Kg2 Kf4 82. Kf2 g3+ 83. Kg2 Kg4 84. Kg1 Kh4 85. Kg2 Kg4 86. Kg1 Kf5
87. Kg2 Kf4 88. Kg1 Kf3 89. Kf1 g2+ 90. Kg1 Kg3 1/2-1/2

[Event "Titled Tue 17th Jun Early"]
[Site "chess.com INT"]
[Date "2025.06.17"]
[Round "5"]
[White "Pranesh, M"]
[Black "Goryachkina, Aleksandra"]
[Result "1-0"]
[WhiteTitle "GM"]
[BlackTitle "GM"]
[WhiteElo "2580"]
[BlackElo "2533"]
[WhiteFideId "35028600"]
[BlackFideId "4147103"]
[EventDate "2025.06.17"]

1. Nf3 Nf6 2. g3 d5 3. Bg2 Bg4 4. O-O e6 5. b3 Nbd7 6. Bb2 Be7 7. c4 c6 8. d3
O-O 9. Nbd2 h6 10. h3 Bf5 11. Re1 a5 12. a3 Bh7 13. Nd4 Qb6 14. N4f3 Rfe8 15.
Qc2 Bc5 16. e3 e5 17. Rec1 Bf8 18. Qc3 Rad8 19. d4 e4 20. Ne1 Bf5 21. Nc2 h5 22.
b4 axb4 23. Nxb4 Qc7 24. cxd5 Bxb4 25. axb4 Nxd5 26. Qb3 N7f6 27. Nc4 Qc8 28.
Kh2 h4 29. b5 hxg3+ 30. fxg3 Qc7 31. Ne5 Bd7 32. bxc6 bxc6 33. Ra3 Rb8 34. Qc2
Qb6 35. Ba1 Qb4 36. Ra4 Qb5 37. Re1 Rec8 38. Rc4 Be8 39. Rc5 Qb3 40. Qc1 Qb4 41.
Nc4 Rd8 42. Bb2 Qb3 43. Ba1 Nb4 44. Ne5 Nd3 45. Nxd3 Qxd3 46. d5 Rxd5 47. Bxf6
gxf6 48. Rxd5 cxd5 49. Rd1 Qe2 50. Re1 Qb2 51. Qd1 Qb3 52. Qg4+ Kf8 53. Qf4 Ke7
54. Rf1 Qb6 55. Rc1 Qd6 56. Qg4 Bd7 57. Qe2 Rb3 58. Qf2 Rd3 59. Bf1 Ra3 60. Bg2
Rd3 61. h4 Bg4 62. Bf1 Ra3 63. Bg2 Rxe3 64. Qxe3 1-0

[Event "Titled Tue 17th Jun Early"]
[Site "chess.com INT"]
[Date "2025.06.17"]
[Round "5"]
[White "Mizzi, Jack"]
[Black "Suvradeepta, Das"]
[Result "0-1"]
[WhiteTitle "CM"]
[BlackTitle "FM"]
[WhiteElo "2107"]
[BlackElo "2230"]
[WhiteFideId "5602521"]
[BlackFideId "5058031"]
[EventDate "2025.06.17"]

1. d4 d5 2. c4 e6 3. Nf3 c6 4. g3 Nf6 5. Nbd2 Be7 6. Bg2 O-O 7. O-O b6 8. Qc2
Bb7 9. Rd1 Nbd7 10. b3 Rc8 11. Bb2 Qc7 12. Rac1 Qb8 13. Qb1 Rfd8 14. Ne5 Nxe5
15. dxe5 Nd7 16. Nf3 c5 17. cxd5 Bxd5 18. Rxd5 exd5 19. Qf5 Nf8 20. Ng5 Bxg5 21.
Qxg5 d4 22. Bh3 Rc6 23. e3 Ne6 24. Bxe6 Rxe6 25. exd4 cxd4 26. f4 h6 27. Qg4 d3
28. Rd1 d2 29. Qe2 Ree8 30. f5 Qc8 31. e6 Qc5+ 32. Kg2 Qxf5 33. e7 Rd7 34. Ba3
Qd5+ 35. Kg1 Qd4+ 36. Kg2 Qd5+ 37. Kg1 Qe6 38. Qf2 Rexe7 39. Bxe7 Qxe7 40. Rxd2
Rxd2 41. Qxd2 Qc5+ 42. Kg2 Qc6+ 43. Kg1 Qc5+ 44. Kg2 Kh7 45. Qd3+ g6 46. Qd7
Qc2+ 47. Kf3 Qf5+ 48. Qxf5 gxf5 49. Kf4 Kg6 50. b4 b5 51. a3 Kf6 52. h3 h5 53.
h4 a6 54. Kf3 Ke5 55. Ke3 f4+ 56. gxf4+ Kf5 57. Kf3 f6 58. Ke3 Kg4 59. Ke4 Kxh4
60. Kf3 f5 61. Ke3 Kg4 62. Kd4 Kxf4 63. Kc5 h4 0-1

[Event "Titled Tue 17th Jun Early"]
[Site "chess.com INT"]
[Date "2025.06.17"]
[Round "5"]
[White "Aradhya, Garg"]
[Black "Deac, Bogdan-Daniel"]
[Result "0-1"]
[WhiteTitle "IM"]
[BlackTitle "GM"]
[WhiteElo "2370"]
[BlackElo "2674"]
[WhiteFideId "25006746"]
[BlackFideId "1226380"]
[EventDate "2025.06.17"]

1. d4 Nf6 2. c4 e6 3. Nf3 d5 4. Nc3 Be7 5. Bf4 O-O 6. e3 b6 7. Bd3 dxc4 8. Bxc4
Bb7 9. a3 a6 10. O-O b5 11. Ba2 c5 12. dxc5 Bxc5 13. Qc2 Nbd7 14. Rad1 Rc8 15.
Qe2 Qb6 16. e4 Bc6 17. e5 Nh5 18. Bc1 g6 19. Ng5 Ng7 20. Nge4 Be7 21. Nd6 Rcd8
22. Be3 Qb8 23. f4 Nb6 24. Qf2 Nc8 25. Nce4 Bxe4 26. Nxe4 Nf5 27. Bc5 Bxc5 28.
Qxc5 Qa7 29. b4 Ne3 30. Rxd8 Rxd8 31. Rc1 Qxc5 32. bxc5 Ne7 33. Nd6 Rd7 34. Kf2
N3f5 35. a4 bxa4 36. Bc4 Rc7 37. Bxa6 a3 38. Bb5 a2 39. c6 Nxc6 40. Ne8 Rc8 41.
Nf6+ Kg7 42. Bxc6 Rxc6 43. Rxc6 a1=Q 44. Rc8 Qd4+ 45. Kf3 Qe3+ 46. Kg4 Ne7 47.
Re8 Qe2+ 48. Kg3 Nf5+ 49. Kh3 Qe3+ 50. g3 Nh6 51. Rd8 g5 52. Ne8+ Kg6 53. fxg5
Qxg5 54. Nf6 Qxe5 55. Nd7 Qh5+ 56. Kg2 Qe2+ 57. Kh3 Kg7 58. Nf8 Qf1+ 59. Kh4
Nf5+ 60. Kg4 Qe2+ 61. Kf4 Ne7 62. Nd7 Nd5+ 63. Kg5 Qxh2 64. Kg4 Qe2+ 65. Kh3
Qf1+ 66. Kh2 Ne3 67. Ne5 Qg2# 0-1

[Event "Titled Tue 17th Jun Early"]
[Site "chess.com INT"]
[Date "2025.06.17"]
[Round "5"]
[White "Ratkovic, Miloje"]
[Black "Gholami Orimi, Mahdi"]
[Result "0-1"]
[WhiteTitle "GM"]
[BlackTitle "GM"]
[WhiteElo "2489"]
[BlackElo "2511"]
[WhiteFideId "914517"]
[BlackFideId "12558486"]
[EventDate "2025.06.17"]

1. Nf3 b6 2. g3 Bb7 3. Bg2 g6 4. O-O Bg7 5. d3 e5 6. e4 Ne7 7. a4 Nbc6 8. c3 d5
9. Nbd2 O-O 10. Re1 h6 11. exd5 Nxd5 12. Nc4 Re8 13. a5 Rb8 14. axb6 axb6 15.
Ne3 Nf6 16. Nc4 Nd5 17. Ne3 Nxe3 18. Bxe3 Qd7 19. Qc1 Kh7 20. Rd1 Rbd8 21. h4 f5
22. h5 g5 23. Bxg5 hxg5 24. Qxg5 Ne7 25. Ra7 Bxf3 26. Bxf3 Qd6 27. Qh4 Bf6 28.
Qc4 c5 29. Qf7+ Kh6 30. Rda1 Rg8 31. R1a6 Rg7 32. Qc4 Rb8 33. Qb5 e4 34. Rd7 Qe6
35. dxe4 fxe4 36. Be2 e3 37. Qxc5 Qxd7 38. Qxe3+ Bg5 39. Qe4 Qc6 40. Qg4 Rf8 41.
Ra7 Qc5 42. Qd4 Qxd4 43. cxd4 Nf5 44. Ra6 Nxd4 45. Rxb6+ Rf6 46. Rxf6+ Bxf6 47.
Bd1 Rb7 48. b3 Nxb3 49. f4 Nd4 50. Kg2 Rb2+ 51. Kh3 Rd2 52. Bg4 Rd3 53. Kg2 Rc3
54. Bd1 Rd3 55. Bg4 Be7 56. Kh3 Bd6 57. Kh4 Nf3+ 58. Kh3 Nd2 59. Kh4 Ne4 60. Bf5
Be7+ 61. Kh3 Rxg3+ 62. Kh2 Re3 63. Kg2 Nf6 64. Kh2 Bc5 65. Kg2 Nxh5 66. Kh2 Nxf4
67. Kh1 Kg5 68. Kh2 Kh4 69. Kg1 Kg3 70. Kf1 Bb4 71. Bd3 Re1# 0-1